|
|
|
|
| LEADER |
01632nam a22003137a 4500 |
| 001 |
37911 |
| 003 |
BD-DhAAL |
| 008 |
220309r20162002ii acb b 001 0dben d |
| 999 |
|
|
|c 43724
|d 43724
|
| 020 |
|
|
|a 9789350202180
|
| 040 |
|
|
|a BD-DhAAL
|
| 041 |
|
|
|a ben
|
| 082 |
|
|
|a 305.694505492
|2 23
|
| 100 |
|
|
|a রায়, তথাগত
|9 46694
|
| 245 |
|
|
|a যা ছিল আমার দেশ :
|b হিন্দু-বৌদ্ধ-খ্রিস্টানের পূর্ববাংলা ত্যাগের কাহিনী /
|c তথাগত রায়
|
| 246 |
|
|
|a Ja chhilo amar desh
|
| 246 |
|
|
|a Tale of exodus of minorities from East Bengal
|
| 260 |
|
|
|a কলকাতা :
|b মিত্র এন্ড ঘোষ,
|c ২০০২ [মুদ্রন ২০১৬].
|
| 300 |
|
|
|a [১৬], ৩৮৪ পৃষ্ঠা :
|b চিত্র ;
|c ২৪ সে.মি.
|
| 504 |
|
|
|a গ্রন্থপঞ্জিগত নির্দেশিকা ও নির্ঘণ্ট অন্তর্ভুক্ত।
|
| 541 |
|
|
|a Donated By Akbar Ali Khan
|e 37911
|
| 650 |
|
|
|a Hindus
|x Crimes against
|z Bangladesh.
|9 46695
|
| 650 |
|
|
|a Muslims
|z Bangladesh
|x Attitudes.
|9 46696
|
| 650 |
|
|
|a Hindus
|z India
|z Bengal
|x History.
|9 46697
|
| 651 |
|
|
|a Bangladesh
|x Ethnic relations.
|9 46698
|
| 651 |
|
|
|a Bengal (India)
|x History
|y Partition, 1947.
|9 46699
|
| 852 |
|
|
|a Ayesha Abed Library
|c Akbar Ali Khan Collection
|
| 942 |
|
|
|2 ddc
|c BK
|
| 952 |
|
|
|0 0
|1 0
|2 ddc
|4 0
|6 305_694505492000000_RAY
|7 1
|9 70071
|a BRACUL
|b BRACUL
|c AAKC
|d 2022-03-09
|e Donated by Akbar Ali Khan
|l 0
|o 305.694505492 RAY
|p 3010037911
|r 2022-03-09
|t 1
|w 2022-03-09
|y BK
|